000 00227nam a22000857a 4500
008 160916b xxu||||| |||| 00| 0 eng d
100 _9575
_aKishnani.M.etal
245 _aLab Science-8
260 _aNew Delhi
_bRachna. Publications
_c2011
999 _c3231
_d3231